Manuale di statistica (Record no. 141729)

MARC details
000 -LEADER
campo de control de longitud fija 00531nam a2200169 i 4500
001 - NÚMERO DE CONTROL
campo de control 141729
003 - IDENTIFICADOR DE NÚMERO DE CONTROL
campo de control ES-MaACL
005 - FECHA Y HORA DE LA ÚLTIMA TRANSACCIÓN
campo de control 20230906200344.0
007 - CAMPO FIJO DE DESCRIPCIÓN FÍSICA--INFORMACIÓN GENERAL
campo de control de longitud fija t|
008 - DATOS DE LONGITUD FIJA--INFORMACIÓN GENERAL
campo de control de longitud fija 070927s1934 it ||||1| ita d
100 1# - ENTRADA PRINCIPAL--NOMBRE DE PERSONA
Nombre de persona Vinci, Felice.
9 (RLIN) 115317
245 10 - MENCIÓN DEL TÍTULO
Título Manuale di statistica
Resto del título : introduzione allo studio quantitativo dei fatti sociali /
Mención de responsabilidad, etc. Felice Vinci.
260 ## - PUBLICACIÓN, DISTRIBUCIÓN, ETC.
Lugar de publicación, distribución, etc. Bologna :
Nombre del editor, distribuidor, etc. Zanichelli,
Fecha de publicación, distribución, etc. 1934 (
Fabricante Stab. Poligrafici Ruimiti)
300 ## - DESCRIPCIÓN FÍSICA
Extensión 2 v. ;
Dimensiones 25 cm.
650 14 - PUNTO DE ACCESO ADICIONAL DE MATERIA--TÉRMINO DE MATERIA
Término de materia o nombre geográfico como elemento de entrada Estadística.
9 (RLIN) 12520
852 ## - LOCALIZACIÓN
Ubicación ES-MaACL
Número de control de estantería A-2463-64
Holdings
Estatus retirado Estado de pérdida Estado de daño No para préstamo Biblioteca de origen Biblioteca actual Ubicación en estantería Fecha de adquisición Fuente de adquisición Total de préstamos Signatura topográfica completa Código de barras Visto por última vez Precio de reemplazo Tipo de ítem Koha
        Biblioteca del Ateneo de Madrid Biblioteca del Ateneo de Madrid Sala Pecera Planta 1 17/01/2008     A-2463-64 1147472 23/02/2023 23/02/2023 Libro impreso